Finanzas pb︢licas

Detalles Bibliográficos
Autor principal: Romero Romero, Enrique
Formato: eBook
Lenguaje:español
Publicado: Bogot:̀ Ediciones de la U, 2019
Materias:
Acceso en línea:Acceso restringido

MARC

LEADER 00000nam a22000007a 4500
005 20191113223539.0
007 cr|||| ||||
008 191113s2019 co |||||s|||| 00||0 spa d
020 |a 978-958-762-976-7 
035 |a 30656 
040 |a vLex 
090 |c 9993  |d 9993 
100 1 |a Romero Romero, Enrique 
245 1 0 |a Finanzas pb︢licas  |h [Recurso electrn̤ico] /  |c Enrique Romero Romero, Nicols̀ Romero Urueą 
256 |a Servicio en ln̕ea 
260 |a Bogot:̀  |b Ediciones de la U,  |c 2019 
300 |a 1 recurso electrn̤ico 
506 1 |a Disponible solo en los productos indicados  |d vLex Global  |d vLex Global (Academic Edition, excluding Law Schools)  |d vLex Global (U.S. Academic Edition, Law Schools)  |d vLex Global (U.S. Academic Edition, excluding Law Schools)  |d vLex Global (Academic Edition, Law Schools) 
650 0 4 |a Financiero  |z Colombia 
650 0 4 |a Derecho Pb︢lico y Administrativo  |z Colombia 
740 0 |a vLex Libros (Servicio en ln̕ea) 
856 4 0 |u http://vlex.com/source/finanzas-publicas-30656  |z Acceso restringido 
942 |c BOOK 
999 0 |a Financial 
999 0 |a Public and Administrative Law